00439nam a22001577a 4500020001800000082001600018100002300034245007100057250001200128260005200140300000900192504004000201563000700241650002300248650001000271 a9789699647161 a297.62bKHA aKhan, Naweed Akbar aThe divine connection: a strategic pathway to Islamic leadership / a1st ed. aIslamabad:bProfile printing publishing;c2026. a689p aIncludes bibliographical references aHB aIslamic leadership aIslam